Technologies and society (Record no. 525168)

MARC details
000 -LEADER
fixed length control field 00630nam a2200229Ia 4500
003 - CONTROL NUMBER IDENTIFIER
control field OSt
005 - DATE AND TIME OF LATEST TRANSACTION
control field 20220925193242.0
008 - FIXED-LENGTH DATA ELEMENTS--GENERAL INFORMATION
fixed length control field 220923b |||||||| |||| 00| 0 eng d
020 ## - INTERNATIONAL STANDARD BOOK NUMBER
International Standard Book Number 0534136443
037 ## - SOURCE OF ACQUISITION
Terms of availability General Book
040 ## - CATALOGING SOURCE
Original cataloging agency RTL
Transcribing agency RTL
Language of cataloging eng
041 ## - LANGUAGE CODE
Source of code eng
Language code of text/sound track or separate title eng
100 ## - MAIN ENTRY--PERSONAL NAME
Personal name Westrum Ron
9 (RLIN) 247891
245 #0 - TITLE STATEMENT
Title Technologies and society
Remainder of title The shaping of people and things
260 ## - PUBLICATION, DISTRIBUTION, ETC.
Place of publication, distribution, etc. California
Name of publisher, distributor, etc. Wadsworth
Date of publication, distribution, etc. 1991
300 ## - PHYSICAL DESCRIPTION
Extent xix,394p
Dimensions cm.
942 ## - ADDED ENTRY ELEMENTS (KOHA)
Classification part Y0gf, N1
Koha item type General Books
Source of classification or shelving scheme Colon Classification (CC)

No items available.

Copyright @ Delhi University Library System